Le perfectionnement des maitres primaires (Record no. 46106)

MARC details
000 -LEADER
campo de control de longitud fija 00630nam a2200181 i 4500
001 - NÚMERO DE CONTROL
campo de control 46106
003 - IDENTIFICADOR DE NÚMERO DE CONTROL
campo de control ES-MaACL
005 - FECHA Y HORA DE LA ÚLTIMA TRANSACCIÓN
campo de control 20250828084001.0
007 - CAMPO FIJO DE DESCRIPCIÓN FÍSICA--INFORMACIÓN GENERAL
campo de control de longitud fija t|
008 - DATOS DE LONGITUD FIJA--INFORMACIÓN GENERAL
campo de control de longitud fija 030327s1962 sz ||||1| fre d
111 00 - ENTRADA PRINCIPAL--NOMBRE DE CONGRESO/REUNIÓN
Nombre de congreso/reunión o jurisdicción como elemento de entrada Conférence Internationale de l'Instruction Publique (
Número del congreso/reunión o número de parte o sección 25ª.
Fecha del congreso o de la firma del tratado 1962.
Sede del congreso/Lugar de la reunión Ginebra)
9 (RLIN) 166
245 13 - MENCIÓN DEL TÍTULO
Título Le perfectionnement des maitres primaires
Resto del título : recherche d'education comparée.
260 ## - PUBLICACIÓN, DISTRIBUCIÓN, ETC.
Lugar de publicación, distribución, etc. Genève, ect. :
Nombre del editor, distribuidor, etc. Bureau International d'Education,
Fecha de publicación, distribución, etc. 1962.
300 ## - DESCRIPCIÓN FÍSICA
Extensión 186 p. ;
Dimensiones 25 cm.
710 20 - ENTRADA AGREGADA--NOMBRE DE ENTIDAD CORPORATIVA
Nombre de entidad corporativa o nombre de jurisdicción como elemento de entrada Oficina Internacional de Educación
9 (RLIN) 6022
852 ## - LOCALIZACIÓN
Ubicación ES-MaACL
Número de control de estantería C-23457
Sublocalización o colección R.51442
Holdings
Estatus retirado Estado de pérdida Estado de daño No para préstamo Biblioteca de origen Biblioteca actual Ubicación en estantería Fecha de adquisición Fuente de adquisición Total de préstamos Signatura topográfica completa Código de barras Visto por última vez Precio de reemplazo Tipo de ítem Koha
        Biblioteca del Ateneo de Madrid Biblioteca del Ateneo de Madrid Depósito 2 17/01/2008     C-23457 1048502 23/02/2023 23/02/2023 Libro impreso